Responses for show #4204 - Thursday, December 5, 2002

Contestants

Todd Hellman, an attorney from Lakeland, Florida

Amanda Waterman, a software engineer from Raleigh, North Carolina

James Pethokoukis, a journalist from Chicago, Illinois (whose 1-day cash winnings total $12,800)

Jeopardy! Round responses

THE MUSEUM OF FLIGHT
MUSIC'S MISSING LINKS
HOLY DAYS & FESTIVALS
LITERARY TITLE CHARACTERS
SWISS FAMILY FUN
Q WITHOUT U
    $200 16
barnstormers

Todd
    $200 4
Ash Wednesday

Triple Stumper
    $200 1
Jane Eyre

James
    $200 21
International Red Cross

Amanda
    $200 7
QWERTY

James
    $400 17
-----------------------------------

Todd
    $400 27
Rock

Todd
    $400 5
Mecca

Todd
    $400 2
Anna Karenina

James
    $400 22
McDonald's

Todd
    $400 10
Muammar Qadaffi

Todd
    $600 18
Sidewinders

James
    $600 26
Hotel

Todd
    $600 6
Hanukkah/Festival of Lights

Amanda
    $600 3
Tom Jones

Todd
    $500 23
William Tell

Todd
    $600 11
NASDAQ

Amanda
    $800 19
------------------------------------

Triple Stumper
    $800 28
Lady

Amanda
    $800 14
Buddha

James
    $800 8
(Todd: Who is -------?)

Moll Flanders

JamesTodd
    $800 24
Bern

Todd
    $800 12
Iraq

Amanda
    $1000 20
(Amanda: What is -----?)
(Todd: What is -----?)

Mach 2

AmandaTodd
Triple Stumper
    $1000 29
[buzzer sounds to end the round]

Bird

Triple Stumper
    $1000 15
All Souls' Day

Triple Stumper
    $1000 9
Lorna Doone

Amanda
    $1000 25
straw

Triple Stumper
    $1000 13
Qatar

Todd

Scores at the first commercial break (after clue 15):

James Amanda Todd
$2,400 $3,000 $1,600

Scores at the end of the Jeopardy! Round:

James Amanda Todd
$3,000 $3,000 $3,900

Double Jeopardy! Round responses

THE MIDDLE AGES
THEATER
CITIES & TOWNS
BITS & PIECES
DOING HARD RHYME
12-LETTER WORDS
    $400 13
Crusades

Todd
    $400 1
Moscow

Todd
    $400 6
Milwaukee

Amanda
    $400 18
paddling/spanking

James
    $400 11
The Old Woman Who Lived in a Shoe

Triple Stumper
    $400 25
denomination

Amanda
    $800 14
the Jews

Todd
    $800 2
-------------------------------------

Todd
    $800 7
Texas

Todd
    $800 19
(Amanda: What is A?)

E (10)

Amanda
Triple Stumper
    $800 12
(Todd: Who is ----------?)

Jack (of "Jack and Jill")

Todd
Triple Stumper
    $800 26
cohabitation

Amanda
    $1200 15
shoes

Triple Stumper
    $1200 3
American Ballet Theatre

Todd
    $1200 8
The Netherlands/Holland

Todd
    $1200 23
clipper ship

Todd
    $1200 24
The Knave of Hearts

Triple Stumper
    $1200 27
(James: What is...[no response].)

deprogrammer

JamesTodd
    $1600 16
(James: Who is -----?)

the Bruce

James
Triple Stumper
    $1600 4
A Funny Thing Happened on the Way to the Forum

Triple Stumper
    $1600 9
Biloxi

Todd
    $1600 20
Kiev

James
    $1600 22
(Todd: What is...[no response].)

Francophilia

Todd
Triple Stumper
    $500 17
Ottoman Empire

Todd
    $2000 5
Six Characters in Search of an Author

Triple Stumper
    $2000 10
Connecticut

Amanda
    $2000 21
Indian Head (Buffalo) Nickel

James
    $5 28
[buzzer sounds to end the round]

incorrigible

Todd

Scores at the end of the Double Jeopardy! Round:

James Amanda Todd
$4,200 $5,800 $11,605
(lock game)

[wagering suggestions for these scores]

Final Jeopardy! Round responses

PSYCHOLOGICAL TERMS
JamesWhat !
$4,100
AmandaWhat is hysteria
$3,000
ToddWhat is ?
$3
hysteria

Final scores:

James Amanda Todd
$100 $8,800 $11,602
3rd place: $1,000 2nd place: $2,000 New champion: $11,602

Game dynamics:

Coryat scores:

James Amanda Todd
$4,200 $5,800 $15,200
9 R,
2 W
10 R,
2 W
23 R
(including 3 DDs),
4 W

Combined Coryat: $25,200

The J! Archive is created by fans, for fans. The Jeopardy! game show and all elements thereof, including but not limited to copyright and trademark thereto, are the property of Jeopardy Productions, Inc. and are protected under law. This website is not affiliated with, sponsored by, or operated by Jeopardy Productions, Inc. Join the discussion at JBoard.tv.